000 00444nam a2200205Ia 4500
001 109635
003 YMCAF
005 20230512162358.0
008 100717s2003 ||||||||||||||||| ||und|d
024 _a109635
035 _aWB622
040 _aYMCAF
_beng
_cIN-KoLT
041 _aeng
082 _a005.275
_bQUI
100 _aQuinn, Michael J
245 0 _aParallel Programming
260 _bTMH
_c2003
300 _a529
942 _2ddc
_cBK
999 _c11573
_d11573